<?xml version="1.0" encoding="UTF-8"?>
<record
    xmlns:xsi="http://www.w3.org/2001/XMLSchema-instance"
    xsi:schemaLocation="http://www.loc.gov/MARC21/slim http://www.loc.gov/standards/marcxml/schema/MARC21slim.xsd"
    xmlns="http://www.loc.gov/MARC21/slim">

  <leader>01539nam a2200229Ia 4500</leader>
  <controlfield tag="008">230916s9999    xx            000 0 und d</controlfield>
  <datafield tag="020" ind1=" " ind2=" ">
    <subfield code="a">9789575878283 9575878280</subfield>
  </datafield>
  <datafield tag="041" ind1=" " ind2=" ">
    <subfield code="a">chi</subfield>
    <subfield code="h">eng</subfield>
  </datafield>
  <datafield tag="050" ind1=" " ind2=" ">
    <subfield code="a">BV4598.2 </subfield>
    <subfield code="b">.C5712 2004</subfield>
  </datafield>
  <datafield tag="100" ind1=" " ind2=" ">
    <subfield code="a">Cloud, Henry</subfield>
  </datafield>
  <datafield tag="245" ind1=" " ind2="0">
    <subfield code="a">&#x6210;&#x9577;&#x795E;&#x5B78; </subfield>
    <subfield code="b"> /</subfield>
    <subfield code="c">&#x514B;&#x52DE;&#x5FB7; (Henry Cloud), &#x6E6F;&#x68EE;&#x5FB7; (John Townsend) &#x8457;; &#x5289;&#x5982;&#x83C1;&#x8B6F;</subfield>
  </datafield>
  <datafield tag="246" ind1=" " ind2=" ">
    <subfield code="a">&#x6210;&#x957F;&#x795E;&#x5B66;</subfield>
    <subfield code="b"> /</subfield>
  </datafield>
  <datafield tag="260" ind1=" " ind2=" ">
    <subfield code="a">&#x53F0;&#x5317; :</subfield>
    <subfield code="b">&#x6821;&#x5712;&#x66F8;&#x623F;&#x51FA;&#x7248;&#x793E;, </subfield>
    <subfield code="c">2004</subfield>
  </datafield>
  <datafield tag="300" ind1=" " ind2=" ">
    <subfield code="a">478 p. :</subfield>
    <subfield code="b">ill. ;</subfield>
    <subfield code="c">22 cm.</subfield>
  </datafield>
  <datafield tag="490" ind1=" " ind2=" ">
    <subfield code="a">&#x751F;&#x6D3B;&#x9928;</subfield>
  </datafield>
  <datafield tag="500" ind1=" " ind2=" ">
    <subfield code="a">Translation of : How People Grow: What the Bible Reveals about Personal Growth.</subfield>
  </datafield>
  <datafield tag="505" ind1=" " ind2=" ">
    <subfield code="a">Harder than I thought -- Seeing the big picture -- How the big picture affects the small -- The God of grace -- Jesus : our example for living -- The Holy Spirit -- Gods plan A : people -- Open spaces : the power of acceptance -- Getting to the warmth of forgiveness -- The gardener's handbook : the Bible -- No pain, no gain : the role of suffering and grief -- Growing tasty fruit : becoming a righteous person -- The value of pruning : discipline -- Water from a deeper well : spiritual poverty -- Following the gardener : obedience -- Pulling the weeds : the problem of sin and temptation -- Facing reality : how truth deepens growth -- Putting on the gloves : the importance of activity -- Waiting for the harvest : time.</subfield>
  </datafield>
  <datafield tag="650" ind1=" " ind2=" ">
    <subfield code="a">Self-actualization (Psychology) Religious aspects Christianity.Christian life Biblical teaching.</subfield>
  </datafield>
  <datafield tag="700" ind1=" " ind2=" ">
    <subfield code="a">Townsend, John </subfield>
  </datafield>
  <datafield tag="700" ind1=" " ind2=" ">
    <subfield code="a">&#x514B;&#x52DE;&#x5FB7;&#x5289;&#x5982;&#x83C1;</subfield>
  </datafield>
  <datafield tag="999" ind1=" " ind2=" ">
    <subfield code="c">47744</subfield>
    <subfield code="d">47744</subfield>
  </datafield>
</record>
